000 00416nam a2200181Ia 4500
001 14682
005 20260306164932.0
008 260306t2004||||xx |||||||||||||| ||spa||
041 _aESP
082 _a515.63
_bM26
100 _aMarsden, Jerrold E.
_eAUT
245 0 _aCálculo vectorial
260 _c2004
300 _a666 páginas :
_c25 cm.
650 _aGEN
654 _aCMA
942 _cLIB
_dJUS
_fJUS
_2ddc
_n
999 _c14682
_d14682